Intermodálna preprava EÚ v 21. storočí: Aktuálne výzvy a perspektívy bakalárska práca

Enregistré dans:
Détails bibliographiques
Auteur principal: Chalachan, Samuel
Collectivité auteur: Obchodná fakulta EU. Katedra medzinárodného obchodu
Autres auteurs: Juhás, Henrich, 1995-
Format: Livre
Langue:slovaque
Publié: Bratislava 2025
Tags: Ajouter un tag
Pas de tags, Soyez le premier à ajouter un tag!

MARC

LEADER 00000nbm a2200000 4500
001 0311147
005 20251106104436.2
041 0 |a slo 
044 |a SK 
245 1 0 |a Intermodálna preprava EÚ v 21. storočí: Aktuálne výzvy a perspektívy  |b bakalárska práca  |c Samuel Chalachan ; školiteľ: Henrich Juhás 
264 1 |a Bratislava  |c 2025 
300 |a 57 s. 
100 1 |a Chalachan, Samuel 
700 1 |a Juhás, Henrich, 1995- 
710 2 |a Obchodná fakulta EU. Katedra medzinárodného obchodu